000 00814nam a2200241 a 4500
008 951213s1979||||[C 0 slo c
020 _c18 Kčs.
_q(15000 výtl.)
040 _aSNK
_bslo
_cSNK
_eAACR2
041 1 _aslo
_hrus
044 _axo
_cSK
080 _a1
080 _a100.1(081.1)
080 _a1 100.4(081.1)
100 1 _aLenin, Vladimir Iľjič
_4aut
245 1 0 _aZobrané spisy 1
_cVladimir Iľjič Lenin ; Raisa Kopsová, Oto Takáč
250 _a2., slov. vyd.
260 _aBratislava
_bPravda
_c1979
_eBratislava
_fPravda
300 _a771 s., 36,52 AH
_bTb. Fot.
_c21 cm
500 _aLit. 371. Faksim. rkp. na front. Men. reg. Životopis. údaje V. I. Lenina. 371 zázn. lit. o knihách a čl. v jaz. rus.
700 1 _aKopsová, Raisa
_4trl
700 1 _aTakáč, Oto
_4bkd
958 _aA
999 _c15421
_d15421